000
00264nam a22001097a 4500
008
170120b xxu||||| |||| 00| 0 eng d
020
_a
9780323031943
041
_a
eng
080
_2
2ND
_a
618.2
245
_a
NANDA, NOC, AND NIC LINKAGES
_c
JOHNSON, M
942
_2
udc
_c
BK
999
_c
3298
_d
3298